Exploring chemistry

保存先:
書誌詳細
第一著者: Roy A Gallant
フォーマット: 図書
言語:Undetermined
出版事項: New York Doubleday 1958
主題:
タグ: タグ追加
タグなし, このレコードへの初めてのタグを付けませんか!
Thư viện lưu trữ: Trung tâm Học liệu Trường Đại học Cần Thơ
LEADER 00447nam a2200181Ia 4500
001 CTU_2703
008 210402s9999 xx 000 0 und d
082 |a 540 
082 |b G163 
100 |a Roy A Gallant 
245 0 |a Exploring chemistry 
245 0 |c Roy A Gallant 
260 |a New York 
260 |b Doubleday 
260 |c 1958 
650 |a chemistry 
904 |i Minh, 960829 
980 |a Trung tâm Học liệu Trường Đại học Cần Thơ